00338nam a2200109Ia 4500008004100000082000800041100001900049245004000068942000600108952009900114999001500213240331s9999 xx 000 0 und d bJAY aJayawardena, K 0aElangaiyil penkalum aadchi muraiyum cL 001040708LaWERCLbWERCLcSSCd2024-03-31l0o 323.334 JAYp4888r2024-03-31w2024-03-31yL c2431d2431